00848nam a2200289 i 4500001000300000003000400003005001700007008003900024015001700063020001500080040001400095080001000109080001200119100003300131245002700164250001500191260005100206300002100257490002800278500003400306504002600340650001200366655001300378710004200391830002700433856009800460bgBPK20210917085716.0980515s1998 pl f |000 0 pol aPB 1998/5394 a8320811171 aWA NcBPK a659.1 a(083.1)1 aKall, Jacekd(1962- )eAutor00aReklama /cJacek Kall. aWyd. 2 zm. aWarszawa :bPolskie Wydaw. Ekonomiczne,c1998. a200 s. ;c21 cm.1 aMarketing bez Tajemnic. aNa s. 4 okł. błędny ISBN. aBibliogr. s. 197-200. 4aReklama 4aPoradnik2 aPolskie Wydawnictwo Ekonomiczne4pbl. 0aMarketing bez Tajemnic uhttp://koha.tu.koszalin.pl/cgi-bin/koha/opac-detail.pl?biblionumber=33345yKatalog online BPK